Trabajo Social en el Siglo XXI: Una perspectiva internacional comparada

Una perspectiva internacional comparada traza un mapa y una hoja de ruta de la situación actual y futura del trabajo social en España -abordando temáticas de alto interés (innovación docente, transferencia de resultados e investigaciones, prácticas y supervisión, trabajo de fin de grado, postgrado y...

Ausführliche Beschreibung

Gespeichert in:
Bibliographische Detailangaben
Weitere Verfasser: Pastor Seller, Enrique (coordinador), Martínez-Román, María Asunción (coordinador)
Format: Buch
Sprache:Spanisch
Veröffentlicht: Madrid Editorial Grupo 5 2014
Schlagworte:
Tags: Tag hinzufügen
Keine Tags, Fügen Sie den ersten Tag hinzu!

MARC

LEADER 00000nam a22000005a 4500
003 CL-ChUAC
005 20260225160246.0
007 ta
008 190417t2014 sp ||||| |||| 000 ||spa
020 |a 978-84-942579-0-2  
040 |a CL-ChBUA  |c CL-ChBUA  |e rda  |b spa 
082 0 0 |2 22  |a 361.3 
245 0 0 |a Trabajo Social en el Siglo XXI:   |b Una perspectiva internacional comparada  |c coordinado por Enrique Pastor Seller ; María Asunción Martínez-Román  
260 |a Madrid  |b Editorial Grupo 5  |c 2014 
300 |a 285 páginas  |b figuras, cuadros, tablas, gráficos  |c 25 centímetros  
336 |2 rdacontent  |a text  |b txt 
337 |2 rdamedia  |a unmediated  |b n 
338 |2 rdacarrier  |a volume  |b nc 
504 |a índice, índice de autores 
520 3 |a Una perspectiva internacional comparada traza un mapa y una hoja de ruta de la situación actual y futura del trabajo social en España -abordando temáticas de alto interés (innovación docente, transferencia de resultados e investigaciones, prácticas y supervisión, trabajo de fin de grado, postgrado y doctorado, internacionalización, crisis, ciudadanía, acceso universal a la universidad, revistas y congresos científicos y situación de la profesión)- y analiza la situación actual y futura del trabajo social en el ámbito internacional a partir de las realidades de Portugal, Francia, Italia, Canadá, Israel, México y Estados Unidos. Una obra colectiva en la que, integrando docencia, investigación y profesión, participan 25 docentes e investigadores de prestigio internacional y están representadas 20 universidades de todo el mundo, contribuyendo a la construcción de conocimiento en el ámbito del trabajo social. 
650 4 |a TRABAJO SOCIAL 
650 4 |a TRABAJO SOCIAL  |x SIGLO 21 
700 1 |a Pastor Seller, Enrique  |e coordinador 
700 1 |a Martínez-Román, María Asunción  |e coordinador 
942 |2 ddc  |c LIB 
945 |0 nac 
952 |0 0  |1 0  |2 ddc  |4 0  |6 361_300000000000000_T_758  |7 0  |9 1163671  |a UNACH  |b UNACH  |c 300  |d 2019-04-17  |i 64.491  |l 0  |o 361.3 / T 758  |p 101078  |r 2019-08-23 00:00:00  |t 1  |w 2019-04-17  |y LIB  |� Tsocia 
999 l |c 2283002  |d 228300